00439 2200169 4500001002100000005001500021035002000036245005800056100001300114250002000127300002700147260003600174082000800210084001400218020002200232600001500254INLIS00000000000046020220104091607 a0010-01220000011 aSejarah hukum dan konstitusi di indonesia /cFidelara0 aFidelara acetakan pertama avi,58 hlm :bilustrasi ajakarta selatan :bIKAPI,c2010 a800 a800 FID s a978-602-8257-56-5 4apendidikan